00990nam a2200241 a 4500001001000000003000500010005001700015008004100032010001100073011001100084040000900095100003200104245017100136260004100307500006000348502010900408650002900517650003900546650003500585650002500620700003300645856007000678000116341CHAP20220329144611.0191219s2019 mx a |sm |||||||spa d a112802 a113774 cCHAP1 aHernández Alonso, Martha.10aParticipación de la mujer en los sectores económicos y sociales en México (2010-2018)h[En línea]cpor Martha Hernández Alonso y Alva Nely Rivera Ramírez. aChapingo, Méx. :bEl autor,c2019. aPara ver el contenido del material haga clic en la liga aTesis (Licenciada en Economia Internacional) -- UACH. División de Ciencias Económico-Administrativas14aMujerxDiscriminación.14aMujeresxCondiciones económicas.14aMujeresxCondiciones sociales.14aTrabajo de la mujer.1 aRivera Ramírez, Alva Nely. aFinding aiduhttp://10.13.5.2/tesis/sist116341.pdfzTeclea aquí